000
00293nam a2200121Ia 4500
008
190216s9999||||xx |||||||||||||| ||und||
100
_a
"Selvaraj C,"
245
0
_a
Micro Economics - Introduction Xii
260
_b
Ncrt - Newdelhi
_c
2003
300
_a
160
650
_a
Economics
942
_c
REF
999
_c
36703
_d
36703